Ľudová banka - Volksbanken - AG.
S podporou Rakúskych ľudových bánk sa Ľudová banka Bratislava, a. s. etabluje ako centrálny peňažný a úverový inštitút skupiny Ľudových bánk v ČSFR. Popis služieb, ktoré poskytuje súkromným osobám, žívnostníkom a nezávislým podnikateľom a jej medzinárodných spojení.
Enregistré dans:
| Format: | Chapitre de livre |
|---|---|
| Langue: | slovaque |
| Sujets: | |
| Tags: |
Pas de tags, Soyez le premier à ajouter un tag!
|
MARC
| LEADER | 00000naa a2200000 4500 | ||
|---|---|---|---|
| 001 | r008408 | ||
| 005 | 20220831085117.3 | ||
| 041 | 0 | |a slo | |
| 044 | |a [CS] | ||
| 245 | 1 | 0 | |a Ľudová banka - Volksbanken - AG. |
| 520 | |a S podporou Rakúskych ľudových bánk sa Ľudová banka Bratislava, a. s. etabluje ako centrálny peňažný a úverový inštitút skupiny Ľudových bánk v ČSFR. Popis služieb, ktoré poskytuje súkromným osobám, žívnostníkom a nezávislým podnikateľom a jej medzinárodných spojení. | ||
| 610 | 2 | 0 | |a banky |
| 610 | 2 | 0 | |a ČSFR |
| 610 | 2 | 0 | |a Rakúsko |
| 610 | 2 | 0 | |a služby |